[Event "Ct. Lleida indiv. Absolut"]
[Site "Tornabous"]
[Date "2014.10.05"]
[Round "1"]
[White "Trepat Herranz, J."]
[Black "Cosialls Ris, R."]
[Result "1/2-1/2"]
[WhiteElo "2419"]
[BlackElo "1932"]
[PlyCount "167"]
[EventDate "2014.??.??"]
[EventType "swiss"]
[EventRounds "9"]
[EventCountry "ESP"]

1. e4 c5 2. Nf3 e6 3. d3 Nc6 4. g3 Qc7 5. Bg2 Nf6 6. O-O d5 7. Qe2 d4 8. a4 Be7
9. Na3 a6 10. Nc4 Nd7 11. a5 b5 12. axb6 Nxb6 13. Nfd2 e5 14. f4 O-O 15. f5
Nxc4 16. Nxc4 f6 17. h4 Rf7 18. g4 g5 19. fxg6 hxg6 20. Bd2 Rh7 21. Be1 Be6 22.
Bg3 a5 23. Bf3 Rb8 24. b3 Rb5 25. Kg2 g5 26. hxg5 fxg5 27. Nd2 Nb4 28. Qd1 Kg7
29. Rh1 Rxh1 30. Kxh1 Bf6 31. Nf1 Kg6 32. Bf2 Qf7 33. Ng3 Nc6 34. Nf5 Rb8 35.
Kg2 Rh8 36. Bg3 Qh7 37. Kf2 Qb7 38. Kg2 Qb4 39. Be1 Qb6 40. Qe2 Bd8 41. Bg3 Qa7
42. Qd2 Qb7 43. Rf1 Bf6 44. Rf2 Qd7 45. Kf1 Qc7 46. Bh2 Qd7 47. Qe2 Qb7 48. Ng3
Qa7 49. Nh5 Rf8 50. Bg3 Qe7 51. Kg1 Nb4 52. Rh2 Rh8 53. Be1 Nc6 54. Qf1 Bd7 55.
Bd1 Be6 56. Bd2 Qd8 57. Rf2 Rf8 58. Qh3 Rh8 59. Qf1 Rf8 60. Bf3 Qe7 61. Qa1 Qc7
62. Qd1 Qe7 63. Bg2 Qd7 64. Bh3 Qe7 65. Qf1 Qd8 66. Qg2 Qd7 67. Bc1 Qc7 68. Rf1
Qd7 69. Kh2 Qc7 70. Kg3 Qe7 71. Rf5 Bd7 72. Nxf6 Rxf6 73. Bxg5 Bxf5 74. Bxf6
Kxf6 75. g5+ Kg7 76. exf5 Qxg5+ 77. Bg4 Qf4+ 78. Kh4 Ne7 79. Qb7 Qh6+ 80. Kg3
Qf4+ 81. Kh3 Qf1+ 82. Kh4 Qf2+ 83. Kh3 Qf1+ 84. Kh4 1/2-1/2

[Event "Ct. Lleida indiv. Absolut"]
[Site "Tornabous"]
[Date "2014.10.12"]
[Round "2"]
[White "Alba Tarradelles, J."]
[Black "Argerich Farras, J."]
[Result "0-1"]
[WhiteElo "2019"]
[BlackElo "2171"]
[PlyCount "50"]
[EventDate "2014.??.??"]
[EventType "swiss"]
[EventRounds "9"]
[EventCountry "ESP"]

1. d4 d5 2. c4 c6 3. Nc3 Nf6 4. Nf3 dxc4 5. e4 Bg4 6. Bxc4 e6 7. Bg5 Be7 8. d5
exd5 9. Bxf6 Bxf6 10. exd5 Bxc3+ 11. bxc3 O-O 12. O-O Nd7 13. Re1 Nb6 14. Be2
Qxd5 15. Qc2 Bf5 16. Qb2 Rfe8 17. Rad1 Qc5 18. Rd2 Bg4 19. Red1 Bxf3 20. gxf3
h6 21. Rd5 Re6 22. Rd8+ Rxd8 23. Rxd8+ Kh7 24. Bd3+ g6 25. Be4 Qg5+ 0-1

[Event "Ct. Lleida indiv. Absolut"]
[Site "Tornabous"]
[Date "2014.10.12"]
[Round "2"]
[White "Arno Bendicho, A."]
[Black "Cosialls Baz, D."]
[Result "1-0"]
[WhiteElo "2123"]
[BlackElo "1964"]
[PlyCount "45"]
[EventDate "2014.??.??"]
[EventType "swiss"]
[EventRounds "9"]
[EventCountry "ESP"]

1. d4 e6 2. Nf3 Nf6 3. Bg5 Be7 4. e3 b6 5. Bd3 Bb7 6. Nbd2 c5 7. O-O O-O 8. Qe2
d5 9. c3 Ne4 10. Bxe7 Qxe7 11. h3 f5 12. Ne5 Nd7 13. Nxd7 Qxd7 14. Bxe4 fxe4
15. f3 exf3 16. Nxf3 a5 17. Ne5 Qd6 18. Rxf8+ Rxf8 19. Rf1 c4 20. Rf3 b5 21.
Qf2 Rc8 22. Qg3 Rc7 23. Ng6 1-0

[Event "Ct. Lleida indiv. Absolut"]
[Site "Tornabous"]
[Date "2014.10.12"]
[Round "2"]
[White "Cortiella Valles, R."]
[Black "Subarroca Blanch, F."]
[Result "1-0"]
[WhiteElo "2079"]
[BlackElo "1951"]
[PlyCount "37"]
[EventDate "2014.??.??"]
[EventType "swiss"]
[EventRounds "9"]
[EventCountry "ESP"]

1. e4 e5 2. Nf3 Nc6 3. Bc4 Bc5 4. c3 Nf6 5. d4 exd4 6. cxd4 Bb4+ 7. Nc3 Nxe4 8.
O-O Nxc3 9. bxc3 Be7 10. d5 Na5 11. Bd3 d6 12. Re1 O-O 13. Qa4 b6 14. Qe4 g6
15. Qxe7 Bg4 16. Qxd8 Raxd8 17. Nd4 Bd7 18. Bg5 Rde8 19. Be7 1-0

[Event "Ct. Lleida indiv. Absolut"]
[Site "Tornabous"]
[Date "2014.10.12"]
[Round "2"]
[White "Cosialls Ris, R."]
[Black "Herreros Angrill, J."]
[Result "1/2-1/2"]
[WhiteElo "1932"]
[BlackElo "1926"]
[PlyCount "124"]
[EventDate "2014.??.??"]
[EventType "swiss"]
[EventRounds "9"]
[EventCountry "ESP"]

1. e4 e5 2. Nf3 Nc6 3. Bb5 f5 4. exf5 e4 5. Bxc6 dxc6 6. Qe2 Qe7 7. Nd4 Nf6 8.
O-O c5 9. Ne6 Bxe6 10. fxe6 O-O-O 11. Nc3 Qxe6 12. d3 Qc6 13. dxe4 Be7 14. Bg5
h6 15. Bh4 g5 16. Bg3 a6 17. Rad1 Rde8 18. Nd5 Nxd5 19. Rxd5 Bf6 20. Qg4+ Re6
21. Rxc5 Qxe4 22. Qxe4 Rxe4 23. Rxc7+ Kd8 24. Rd1+ Ke8 25. Rc8+ Kf7 26. Rxh8
Bxh8 27. f3 Re2 28. Rd7+ Kg6 29. Rxb7 Rxc2 30. Rb6+ Kh7 31. Rxa6 Rxb2 32. h3
Bd4+ 33. Kh2 Rb1 34. Bc7 Bf2 35. a4 h5 36. g4 Rb2 37. Kh1 h4 38. a5 Bd4 39. Re6
Rb1+ 40. Kg2 Rb2+ 41. Kf1 Rf2+ 42. Ke1 Rxf3 43. Bb6 Bxb6 44. axb6 Rxh3 45. Re5
Rg3 46. Rb5 Re3+ 47. Kf2 Re8 48. b7 Rb8 49. Rb6 Kg7 50. Kf3 Kf7 51. Ke4 Kg7 52.
Kf3 Kf7 53. Ke4 Kg7 54. Kf5 h3 55. Kxg5 h2 56. Rh6 Rxb7 57. Rxh2 Rb5+ 58. Kh4
Kg6 59. Re2 Rb6 60. Re5 Ra6 61. Rg5+ Kh6 62. Rh5+ Kg6 1/2-1/2

[Event "Ct. Lleida indiv. Absolut"]
[Site "Tornabous"]
[Date "2014.10.12"]
[Round "2"]
[White "Fabrega Ramon, S."]
[Black "Rodon Balcells, J."]
[Result "1/2-1/2"]
[WhiteElo "2057"]
[BlackElo "1937"]
[PlyCount "123"]
[EventDate "2014.??.??"]
[EventType "swiss"]
[EventRounds "9"]
[EventCountry "ESP"]

1. e4 d5 2. exd5 Qxd5 3. Nc3 Qd8 4. Nf3 Bg4 5. h3 Bh5 6. d3 e6 7. Be2 Bb4 8. a3
Ba5 9. O-O Bb6 10. Be3 c6 11. Qd2 Nf6 12. Rad1 O-O 13. g4 Bg6 14. Ne5 Nbd7 15.
Nxg6 hxg6 16. Bf3 Ne5 17. Bg2 Kh7 18. Rfe1 Bc7 19. Bf4 Ned7 20. Ne4 Nxe4 21.
dxe4 Bxf4 22. Qxd7 Qb6 23. Qd4 c5 24. Qc3 Rfd8 25. Rd3 Rxd3 26. cxd3 e5 27. Re2
Qd6 28. Rc2 b6 29. Bf1 Rd8 30. Qc4 Rd7 31. Kg2 g5 32. Qa6 Qd4 33. Kf3 g6 34.
Qc4 Qd6 35. Ke2 Kg7 36. Bg2 Qc6 37. Rc3 a5 38. b4 Rd4 39. Qb3 axb4 40. axb4 Qd6
41. bxc5 bxc5 42. Qc2 Qb6 43. Rxc5 Rb4 44. Rc6 Qb8 45. Kf3 Rb2 46. Rc8 Qb4 47.
Rc4 Qa3 48. Ra4 Qb3 49. Qxb3 Rxb3 50. Bf1 Rb1 51. Kg2 Rb2 52. Kg1 Bd2 53. Ra1
Bc3 54. Rc1 Bd4 55. Rc4 Bxf2+ 56. Kg2 Bh4+ 57. Kg1 Bg3 58. Rc1 Bf4 59. Rd1 Be3+
60. Kh1 Rf2 61. Re1 Bf4 62. Rb1 1/2-1/2

[Event "Ct. Lleida indiv. Absolut"]
[Site "Tornabous"]
[Date "2014.10.12"]
[Round "2"]
[White "Godia Jove, JM."]
[Black "Monfa Sole, R."]
[Result "0-1"]
[WhiteElo "1970"]
[BlackElo "2160"]
[PlyCount "52"]
[EventDate "2014.??.??"]
[EventType "swiss"]
[EventRounds "9"]
[EventCountry "ESP"]

1. d4 Na6 2. Nf3 c6 3. c4 d6 4. g3 Nf6 5. Bg2 g6 6. O-O Bg7 7. a3 O-O 8. Nc3
Nc7 9. Qc2 d5 10. Re1 dxc4 11. Bf4 Nh5 12. Bxc7 Qxc7 13. Rad1 Rd8 14. e3 Rb8
15. Nd2 b5 16. Nce4 e5 17. h3 exd4 18. exd4 Bxd4 19. Nf1 c5 20. g4 Nf4 21. Rxd4
cxd4 22. Nf6+ Kg7 23. Ne8+ Rxe8 24. Rxe8 Bf5 25. gxf5 Rxe8 26. Ng3 Qe5 0-1

[Event "Ct. Lleida indiv. Absolut"]
[Site "Tornabous"]
[Date "2014.10.12"]
[Round "2"]
[White "Gutierrez Marcos, F."]
[Black "Sole Pijuan, F."]
[Result "1-0"]
[WhiteElo "2163"]
[BlackElo "2015"]
[PlyCount "77"]
[EventDate "2014.??.??"]
[EventType "swiss"]
[EventRounds "9"]
[EventCountry "ESP"]

1. d4 d5 2. Nc3 Nf6 3. Bg5 c5 4. Nf3 Nc6 5. Bxf6 exf6 6. e3 Bg4 7. dxc5 d4 8.
exd4 Bxf3 9. Qxf3 Nxd4 10. Qe4+ Qe7 11. O-O-O Qxe4 12. Nxe4 O-O-O 13. c3 Ne6
14. Rxd8+ Kxd8 15. b4 a6 16. Bc4 Kc7 17. g3 Be7 18. f4 f5 19. Nf2 g5 20. fxg5
Bxg5+ 21. Kc2 Rd8 22. Nd3 Rd7 23. Rf1 Ng7 24. a4 Re7 25. Rf2 f6 26. b5 Re4 27.
Kb3 axb5 28. axb5 Be3 29. Rf1 b6 30. c6 Ne8 31. Bd5 Bd2 32. Bxe4 fxe4 33. Nf4
Nd6 34. Nd5+ Kb8 35. Rd1 Bg5 36. c4 Nf5 37. Nxb6 e3 38. Rd7 Nd6 39. c7+ 1-0

[Event "Ct. Lleida indiv. Absolut"]
[Site "Tornabous"]
[Date "2014.10.12"]
[Round "2"]
[White "Llavall Sans, D."]
[Black "Biosca Lacasa, J."]
[Result "1-0"]
[WhiteElo "2257"]
[BlackElo "2048"]
[PlyCount "53"]
[EventDate "2014.??.??"]
[EventType "swiss"]
[EventRounds "9"]
[EventCountry "ESP"]

1. d4 d5 2. c4 c6 3. Nc3 Nf6 4. Nf3 Bf5 5. Qb3 Qb6 6. c5 Qc7 7. Bf4 Qc8 8. e3
e6 9. h3 Be7 10. Be2 Nbd7 11. Qd1 a5 12. a3 Ne4 13. Na4 O-O 14. Ne5 Bd8 15. Rc1
Nxe5 16. dxe5 f6 17. f3 Ng5 18. exf6 gxf6 19. Bd6 Re8 20. g4 Bg6 21. h4 Nf7 22.
h5 Nxd6 23. hxg6 Nb5 24. Rxh7 Qb8 25. Kf2 f5 26. Qh1 Bf6 27. Rh8+ 1-0

[Event "Ct. Lleida indiv. Absolut"]
[Site "Tornabous"]
[Date "2014.10.12"]
[Round "2"]
[White "Monell Camarasa, D."]
[Black "Farre Regada, J."]
[Result "0-1"]
[WhiteElo "2340"]
[BlackElo "2053"]
[PlyCount "78"]
[EventDate "2014.??.??"]
[EventType "swiss"]
[EventRounds "9"]
[EventCountry "ESP"]

1. d4 Nf6 2. c4 g6 3. Nc3 d5 4. cxd5 Nxd5 5. e4 Nxc3 6. bxc3 Bg7 7. Nf3 c5 8.
Be2 O-O 9. Rb1 Qa5 10. Rb5 Qxc3+ 11. Bd2 Qa3 12. Rxc5 Nc6 13. Rc3 Qd6 14. d5
Nd4 15. Nxd4 Bxd4 16. Rc4 Bg7 17. O-O Rd8 18. Bb4 Qd7 19. Qc2 Be5 20. f4 Bd6
21. Bc3 b5 22. Rc6 Bb7 23. Bxb5 Bxc6 24. Bxc6 Qc7 25. Bxa8 Rxa8 26. Qd2 Rc8 27.
Bd4 a5 28. g3 Bb4 29. Qb2 Qc4 30. a3 Bxa3 31. Qf2 Rb8 32. Rd1 Qb3 33. Qe2 Rc8
34. Qd3 a4 35. e5 Rc1 36. Qxb3 axb3 37. Rxc1 Bxc1 38. d6 exd6 39. exd6 Kf8 0-1

[Event "Ct. Lleida indiv. Absolut"]
[Site "Tornabous"]
[Date "2014.10.12"]
[Round "2"]
[White "Montoliu Daroca, I."]
[Black "Parramon Guillaumet, J."]
[Result "1/2-1/2"]
[WhiteElo "1961"]
[BlackElo "2103"]
[PlyCount "65"]
[EventDate "2014.??.??"]
[EventType "swiss"]
[EventRounds "9"]
[EventCountry "ESP"]

1. c4 e5 2. Nc3 Nf6 3. g3 d5 4. cxd5 Nxd5 5. Bg2 Be6 6. e3 c6 7. Nge2 Be7 8.
O-O O-O 9. d4 Bf6 10. e4 Nb6 11. dxe5 Bxe5 12. f4 Bf6 13. e5 Be7 14. b3 Na6 15.
Ne4 Qxd1 16. Rxd1 Rad8 17. Be3 Nc8 18. N2c3 Nc7 19. Bc5 b6 20. Bxe7 Nxe7 21.
Nd6 Ne8 22. Nce4 Bd5 23. Rac1 Nxd6 24. Nxd6 Bxg2 25. Kxg2 c5 26. Nb7 Rb8 27.
Rd7 Nc6 28. Rcd1 Nd4 29. Nd6 a6 30. Ra7 Ra8 31. Rb7 Rab8 32. Ra7 Ra8 33. Rb7
1/2-1/2

[Event "Ct. Lleida indiv. Absolut"]
[Site "Tornabous"]
[Date "2014.10.12"]
[Round "2"]
[White "Pera Lucas, E."]
[Black "Campos Olaya, I."]
[Result "0-1"]
[WhiteElo "2044"]
[BlackElo "2333"]
[PlyCount "64"]
[EventDate "2014.??.??"]
[EventType "swiss"]
[EventRounds "9"]
[EventCountry "ESP"]

1. e4 e5 2. Nf3 Nc6 3. Bc4 Nf6 4. d4 exd4 5. e5 d5 6. Bb5 Ne4 7. Nxd4 Bc5 8.
Be3 Bd7 9. Bxc6 bxc6 10. O-O Qe7 11. c3 Qxe5 12. Re1 Bd6 13. Nf3 Qh5 14. Nbd2
O-O 15. Nf1 f5 16. Ng3 Qg6 17. Bd4 Rae8 18. Nh4 Qg5 19. Nf3 Qh6 20. Nf1 Kh8 21.
b4 Re6 22. Qc1 Qh5 23. Ng3 Nxg3 24. Rxe6 Bxe6 25. fxg3 f4 26. gxf4 Rxf4 27. Qe3
Bg4 28. Be5 Bxe5 29. Qxe5 Rc4 30. Qxh5 Bxh5 31. Kf2 Kg8 32. Rc1 Bxf3 0-1

[Event "Ct. Lleida indiv. Absolut"]
[Site "Tornabous"]
[Date "2014.10.12"]
[Round "2"]
[White "Sole Gonzalez, E."]
[Black "Solani Nuñez, J."]
[Result "0-1"]
[WhiteElo "2025"]
[BlackElo "2183"]
[PlyCount "118"]
[EventDate "2014.??.??"]
[EventType "swiss"]
[EventRounds "9"]
[EventCountry "ESP"]

1. Nf3 Nf6 2. d4 e6 3. Bg5 c5 4. e3 Nc6 5. c3 Be7 6. Bd3 d5 7. dxc5 Bxc5 8. O-O
O-O 9. Nbd2 e5 10. e4 Be6 11. Qc2 h6 12. Bh4 Rc8 13. exd5 Bxd5 14. Ne4 Be7 15.
Nxf6+ Bxf6 16. Bxf6 Qxf6 17. Be4 Rfd8 18. Rfd1 Qe6 19. Bxd5 Rxd5 20. Qb3 Rcd8
21. Rxd5 Qxd5 22. Qxd5 Rxd5 23. Re1 f5 24. Re2 Rd1+ 25. Re1 Rd3 26. Re2 e4 27.
Rd2 Ne5 28. Rxd3 Nxd3 29. Nd4 f4 30. b3 Kf7 31. Nb5 Ke6 32. Nd4+ Ke5 33. Kf1
Nc1 34. a3 Na2 35. Ne2 f3 36. gxf3 exf3 37. Nd4 Nxc3 38. Nxf3+ Ke4 39. Nd2+ Kd3
40. Ke1 Nb5 41. a4 Nd4 42. Kd1 Kc3 43. Ne4+ Kxb3 44. Nc5+ Kb4 45. Nxb7 Kxa4 46.
Nd6 Kb3 47. Kc1 a5 48. Ne4 Nf3 49. h3 g5 50. Kd1 a4 51. Nc5+ Kb4 52. Nxa4 Kxa4
53. Ke2 Ng1+ 54. Kf1 Nxh3 55. f3 Kb4 56. Kg2 Nf4+ 57. Kg3 Kc4 58. Kg4 Kd4 59.
Kf5 Ke3 0-1

[Event "Ct. Lleida indiv. Absolut"]
[Site "Tornabous"]
[Date "2014.10.12"]
[Round "2"]
[White "Sole Monistrol, F."]
[Black "Sanuy Moncasi, A."]
[Result "1/2-1/2"]
[WhiteElo "1942"]
[BlackElo "2071"]
[PlyCount "168"]
[EventDate "2014.??.??"]
[EventType "swiss"]
[EventRounds "9"]
[EventCountry "ESP"]

1. d4 Nf6 2. Nf3 e6 3. g3 c6 4. Bg2 d5 5. O-O Bd6 6. Nbd2 Nbd7 7. c4 O-O 8. b3
Ne4 9. Bb2 f5 10. e3 Ndf6 11. Ne5 Nxd2 12. Qxd2 Bd7 13. Rac1 Be8 14. f3 Nd7 15.
Nd3 Bg6 16. Qe2 Qc7 17. Nf2 Rae8 18. e4 f4 19. e5 fxg3 20. hxg3 Be7 21. Nh3 Qd8
22. Nf4 Bf7 23. cxd5 cxd5 24. Rc2 Bg5 25. Nh3 Bg6 26. Rc3 a6 27. f4 Be7 28.
Rfc1 Qb6 29. Re3 Nb8 30. g4 Nc6 31. Qd1 Rd8 32. Re1 Rf7 33. Re3 Qa5 34. a4 Qb6
35. Bf1 Rc8 36. Kh2 Bd8 37. Qd2 Rfc7 38. Nf2 Be7 39. Nd1 Bb4 40. Qf2 Na5 41.
Rxc7 Rxc7 42. f5 Bf7 43. fxe6 Qxe6 44. Bh3 Qg6 45. Qf5 Be6 46. Qxg6 hxg6 47.
Re2 Nxb3 48. g5 Bxh3 49. Kxh3 Na5 50. Nf2 Be7 51. Kg4 Rc4 52. Nd3 Nc6 53. Nf4
Nxd4 54. Bxd4 Rxd4 55. Rb2 Bb4 56. Kf3 a5 57. Re2 Be7 58. Nxg6 Bxg5 59. e6 Rxa4
60. e7 Bxe7 61. Nxe7+ Kf7 62. Nxd5 b5 63. Re7+ Kg6 64. Ke3 b4 65. Kd2 Ra1 66.
Kc2 Rg1 67. Re2 Rg4 68. Nb6 Rg3 69. Na4 Kf5 70. Nb2 g5 71. Nd3 b3+ 72. Kd2 a4
73. Re5+ Kf6 74. Ra5 Rg2+ 75. Kc3 Ra2 76. Nc5 Rc2+ 77. Kd3 Ra2 78. Rxa4 Rxa4
79. Nxa4 Kf5 80. Nc3 Kf4 81. Nd5+ Kf3 82. Nf6 Kf4 83. Kc3 Kf5 84. Nh5 g4
1/2-1/2

[Event "Ct. Lleida indiv. Absolut"]
[Site "Tornabous"]
[Date "2014.10.12"]
[Round "2"]
[White "Verdes Nadal, R."]
[Black "Arnillas Moles, J."]
[Result "1-0"]
[WhiteElo "2172"]
[BlackElo "2041"]
[PlyCount "87"]
[EventDate "2014.??.??"]
[EventType "swiss"]
[EventRounds "9"]
[EventCountry "ESP"]

1. Nf3 Nf6 2. g3 Nc6 3. d4 e6 4. Bg2 d5 5. O-O Be7 6. Bg5 h6 7. Bxf6 Bxf6 8. c3
O-O 9. Nbd2 Be7 10. e4 dxe4 11. Nxe4 f5 12. Ned2 Bd6 13. Re1 Qf6 14. Nc4 f4 15.
Qe2 Bd7 16. Nce5 Be8 17. Ng4 Qf7 18. Rf1 Qh5 19. Nfe5 Bxe5 20. Bxc6 Bxc6 21.
Nf6+ Rxf6 22. Qxh5 Bd6 23. Rac1 Raf8 24. b4 Rf5 25. Qe2 b5 26. Qxe6+ Kh8 27. g4
R5f6 28. Qe2 f3 29. Qd3 Rf4 30. h3 h5 31. Kh1 a6 32. Rg1 Be4 33. Qe3 Bd5 34.
Qd3 Be4 35. Qd2 R8f6 36. Rce1 hxg4 37. Rg3 Bc6 38. Re5 gxh3 39. Rh5+ Kg8 40.
Rhg5 Rf7 41. Rxh3 R7f6 42. a3 Re6 43. Qa2 Rfe4 44. Re5 1-0

[Event "Ct. Lleida indiv. Absolut"]
[Site "Tornabous"]
[Date "2014.10.19"]
[Round "3"]
[White "Argerich Farras, J."]
[Black "Llavall Sans, D."]
[Result "1/2-1/2"]
[WhiteElo "2171"]
[BlackElo "2257"]
[PlyCount "84"]
[EventDate "2014.??.??"]
[EventType "swiss"]
[EventRounds "9"]
[EventCountry "ESP"]

1. Nf3 d5 2. d4 Nf6 3. Bf4 c5 4. c3 Qb6 5. Qb3 Nc6 6. Nbd2 c4 7. Qxb6 axb6 8.
e3 b5 9. a3 b4 10. cxb4 Nxb4 11. Rc1 Nc6 12. Be2 Bg4 13. h3 Bxf3 14. Bxf3 e6
15. O-O Be7 16. Bg5 Ne4 17. Nxe4 dxe4 18. Bxe7 exf3 19. Bc5 fxg2 20. Kxg2 b5
21. Rc3 Na5 22. a4 bxa4 23. Bb4 Kd7 24. Bxa5 Rxa5 25. Rxc4 Rb8 26. Ra1 Rxb2 27.
Raxa4 Rbb5 28. Rxa5 Rxa5 29. f4 Ra2+ 30. Kf3 Rd2 31. Rc5 f5 32. Ra5 Ke7 33. Ra8
Kf7 34. Rh8 h6 35. Rd8 Ke7 36. Rg8 Kf7 37. Rd8 h5 38. Rh8 g6 39. Rh7+ Kf6 40.
Rh8 Ke7 41. Rg8 Kf7 42. Rh8 Kg7 1/2-1/2

[Event "Ct. Lleida indiv. Absolut"]
[Site "Tornabous"]
[Date "2014.10.19"]
[Round "3"]
[White "Campos Olaya, I."]
[Black "Arno Bendicho, A."]
[Result "1-0"]
[WhiteElo "2333"]
[BlackElo "2123"]
[PlyCount "61"]
[EventDate "2014.??.??"]
[EventType "swiss"]
[EventRounds "9"]
[EventCountry "ESP"]

1. e4 c5 2. Nf3 d6 3. d4 cxd4 4. Nxd4 Nf6 5. Nc3 e5 6. Bb5+ Bd7 7. Bxd7+ Qxd7
8. Nde2 Be7 9. Bg5 Nc6 10. O-O Ng4 11. Qd2 h6 12. Bxe7 Nxe7 13. Rad1 Rd8 14. h3
Nf6 15. f4 O-O 16. Qe3 Qc6 17. Rd3 d5 18. fxe5 Nxe4 19. Nd4 Qg6 20. Rf4 Nc5 21.
Rd2 Ne6 22. Rg4 Qh5 23. Ncb5 a6 24. Nd6 Nxd4 25. Rdxd4 Nf5 26. Nxf5 Qxf5 27.
Qg3 g6 28. Rdf4 Qxc2 29. e6 fxe6 30. Rxg6+ Kh7 31. Rxh6+ 1-0

[Event "Ct. Lleida indiv. Absolut"]
[Site "Tornabous"]
[Date "2014.10.19"]
[Round "3"]
[White "Cardona Marin, W."]
[Black "Balcells Soriguera, M."]
[Result "1/2-1/2"]
[WhiteElo "1911"]
[BlackElo "2067"]
[PlyCount "126"]
[EventDate "2014.??.??"]
[EventType "swiss"]
[EventRounds "9"]
[EventCountry "ESP"]

1. e4 c5 2. Nf3 Nc6 3. Bb5 Qc7 4. c3 a6 5. Bxc6 bxc6 6. O-O d5 7. Re1 e6 8. d3
Nf6 9. Bg5 Be7 10. Qd2 h6 11. Bf4 Qb7 12. h3 Nh5 13. Bh2 Nf6 14. b3 O-O 15. e5
Nd7 16. Qe3 a5 17. Nbd2 Qa6 18. a4 Rb8 19. Bf4 Kh7 20. c4 Qb6 21. Rab1 Ba6 22.
Nh2 Qd8 23. Ndf3 Rb6 24. Ng4 Rg8 25. Bxh6 g6 26. Ng5+ Bxg5 27. Bxg5 Qf8 28. Qg3
Rh8 29. Bf6 Nxf6 30. Nxf6+ Kg7 31. Nd7 Qd8 32. Nxb6 Qxb6 33. Qf4 Qd8 34. Re3
Qe7 35. Rf3 Rb8 36. g4 g5 37. Qc1 Rg8 38. Qd2 Qd8 39. Qe3 Qe7 40. Rf6 Kf8 41.
f4 Qd7 42. Rf1 gxf4 43. Qxf4 Rg7 44. Qh6 Kg8 45. Qh5 dxc4 46. Rh6 Qd4+ 47. Rf2
Kf8 48. Rxe6 cxd3 49. Qh8+ Rg8 50. Re8+ Kxe8 51. Qxg8+ Kd7 52. Qxf7+ Kc8 53.
Qe6+ Kb7 54. Qd6 Qe3 55. Kg2 Qe4+ 56. Kg3 Qe3+ 57. Rf3 Qe1+ 58. Kf4 d2 59. Qd7+
Kb6 60. Qd8+ Ka7 61. Qc7+ Bb7 62. Qxa5+ Kb8 63. Qd8+ Ka7 1/2-1/2

[Event "Ct. Lleida indiv. Absolut"]
[Site "Tornabous"]
[Date "2014.10.19"]
[Round "3"]
[White "Farre Regada, J."]
[Black "Parramon Guillaumet, J."]
[Result "1/2-1/2"]
[WhiteElo "2053"]
[BlackElo "2103"]
[PlyCount "129"]
[EventDate "2014.??.??"]
[EventType "swiss"]
[EventRounds "9"]
[EventCountry "ESP"]

1. d4 Nf6 2. c4 c5 3. d5 d6 4. Nc3 g6 5. Nf3 Bg7 6. h3 O-O 7. e4 Nbd7 8. Bd3 a6
9. O-O Rb8 10. a4 Re8 11. Re1 e5 12. dxe6 fxe6 13. Bf4 e5 14. Bg5 Qb6 15. Qd2
Qc6 16. Rad1 b6 17. Bc2 Bf8 18. Bh6 Be7 19. Bg5 Bf8 20. Nh2 Bb7 21. Nf1 Rbd8
22. Nd5 Re6 23. Qe2 Rde8 24. Nfe3 h6 25. Bh4 Kh7 26. Ng4 Bg7 27. Rd2 Nh5 28.
Red1 Ndf6 29. Ngxf6+ Nxf6 30. g4 Rf8 31. Bg3 Rf7 32. b3 Ne8 33. Rd3 b5 34. Rf3
Rxf3 35. Qxf3 Qd7 36. axb5 Bxd5 37. Rxd5 axb5 38. Qd1 Qb7 39. f3 b4 40. Qa1 Qf7
41. Rd2 Qxf3 42. Kh2 Qf7 43. Qa8 Re7 44. Rf2 Qe6 45. Bh4 g5 46. Bg3 Rf7 47. Rf5
Bf6 48. Qc6 Ng7 49. Rf1 Qe7 50. Rd1 Ne8 51. Ra1 Qf8 52. Ra8 Re7 53. Qxd6 Nxd6
54. Rxf8 Kg7 55. Rd8 Nf7 56. Rd5 Ra7 57. Rd2 Ra2 58. Be1 Be7 59. Kg3 Kf6 60.
Kf3 Nd8 61. h4 Ne6 62. hxg5+ hxg5 63. Bd1 Rxd2 64. Bxd2 Nd4+ 65. Ke3 1/2-1/2

[Event "Ct. Lleida indiv. Absolut"]
[Site "Tornabous"]
[Date "2014.10.19"]
[Round "3"]
[White "Herreros Angrill, J."]
[Black "Fabrega Ramon, S."]
[Result "0-1"]
[WhiteElo "1926"]
[BlackElo "2057"]
[PlyCount "54"]
[EventDate "2014.??.??"]
[EventType "swiss"]
[EventRounds "9"]
[EventCountry "ESP"]

1. e4 c5 2. d4 cxd4 3. c3 dxc3 4. Nxc3 Nc6 5. Nf3 d6 6. Bc4 e6 7. Bf4 Nf6 8.
O-O Be7 9. Qe2 Nh5 10. Be3 a6 11. Rfd1 Bd7 12. Nd4 Nxd4 13. Bxd4 Nf6 14. Bxf6
gxf6 15. Qh5 Qc7 16. Rac1 Qxc4 17. Nd5 exd5 18. Rxc4 dxc4 19. Qd5 Bc6 20. Qxc4
Rg8 21. g3 Rg5 22. f4 Rc5 23. Qe2 Rc8 24. Qg4 Bxe4 25. Qg8+ Kd7 26. Qxf7 Bg6
27. Qb3 Bc2 0-1

[Event "Ct. Lleida indiv. Absolut"]
[Site "Tornabous"]
[Date "2014.10.19"]
[Round "3"]
[White "Monfa Sole, R."]
[Black "Verdes Nadal, R."]
[Result "0-1"]
[WhiteElo "2160"]
[BlackElo "2172"]
[PlyCount "56"]
[EventDate "2014.??.??"]
[EventType "swiss"]
[EventRounds "9"]
[EventCountry "ESP"]

1. d3 g6 2. a3 Bg7 3. e4 d5 4. exd5 Qxd5 5. Be2 c6 6. Nf3 Nf6 7. O-O O-O 8. Nc3
Qd6 9. Re1 Na6 10. Bg5 Re8 11. Qd2 Nc7 12. Rad1 Bg4 13. Bf4 Qd8 14. Ne5 Bxe2
15. Qxe2 Ncd5 16. Nxd5 Qxd5 17. d4 Nh5 18. Bc1 Bxe5 19. dxe5 Qe6 20. Rd3 Red8
21. Rh3 Rd4 22. Qe3 Rad8 23. f3 Rd1 24. g4 Rxe1+ 25. Qxe1 Rd5 26. Qf1 Rxe5 27.
Bd2 Nf4 28. Rh6 Re2 0-1

[Event "Ct. Lleida indiv. Absolut"]
[Site "Tornabous"]
[Date "2014.10.19"]
[Round "3"]
[White "Palau Cabases, A."]
[Black "Cosialls Ris, R."]
[Result "1-0"]
[WhiteElo "2157"]
[BlackElo "1932"]
[PlyCount "67"]
[EventDate "2014.??.??"]
[EventType "swiss"]
[EventRounds "9"]
[EventCountry "ESP"]

1. e4 c5 2. Nf3 e6 3. d4 cxd4 4. Nxd4 Nc6 5. Nc3 a6 6. Nxc6 bxc6 7. Bd3 Qc7 8.
O-O Nf6 9. Re1 e5 10. Qf3 Be7 11. Qg3 Bf8 12. Kh1 g6 13. Qh4 Bg7 14. f4 d6 15.
fxe5 dxe5 16. Rf1 Qd6 17. Bg5 Nd7 18. Bc4 f6 19. Be3 a5 20. Rad1 Qe7 21. Rd2
Ba6 22. Bxa6 Rxa6 23. Rfd1 Nb6 24. Qf2 Nc4 25. Bc5 Qc7 26. Qe2 Nxd2 27. Qxa6
Bh6 28. Qa8+ Qd8 29. Qxc6+ Kf7 30. Nd5 Nxe4 31. Qb7+ Ke6 32. Nc7+ Kf5 33. g4+
Kf4 34. Ne6+ 1-0

[Event "Ct. Lleida indiv. Absolut"]
[Site "Tornabous"]
[Date "2014.10.19"]
[Round "3"]
[White "Ramon Solans, A."]
[Black "Gutierrez Marcos, F."]
[Result "1-0"]
[WhiteElo "2400"]
[BlackElo "2163"]
[PlyCount "93"]
[EventDate "2014.??.??"]
[EventType "swiss"]
[EventRounds "9"]
[EventCountry "ESP"]

1. d4 d5 2. c4 c6 3. Nc3 Nf6 4. e3 a6 5. cxd5 cxd5 6. Bd3 Nc6 7. Nge2 e6 8. O-O
Be7 9. Bd2 O-O 10. Rc1 Bd7 11. Na4 e5 12. Nc5 e4 13. Nxd7 Qxd7 14. Bb1 Bd6 15.
f4 exf3 16. Rxf3 Ne4 17. Nc3 Qe6 18. Nxe4 dxe4 19. Rf1 Qh6 20. g3 Rae8 21. Qe2
Qg5 22. a3 h5 23. Kh1 f5 24. Ba2+ Kh7 25. Rg1 Nd8 26. Bb4 Bxb4 27. axb4 Nc6 28.
Rc4 Rf6 29. Rgc1 Rd8 30. Bb3 Rdd6 31. b5 axb5 32. Rc5 b6 33. R5c3 b4 34. R3c2
Rh6 35. Qf2 Na5 36. Ba4 h4 37. gxh4 Rxh4 38. Rg1 Rg4 39. Rf1 g6 40. Rc7+ Kh6
41. Bd1 {[%emt 0:00:00]} Rh4 42. Rg1 Qf6 43. Ba4 g5 44. Be8 Rd8 45. Rf7 Qe6 46.
Rxf5 Qxe8 47. Rfxg5 1-0

[Event "Ct. Lleida indiv. Absolut"]
[Site "Tornabous"]
[Date "2014.10.19"]
[Round "3"]
[White "Sanuy Moncasi, A."]
[Black "Montoliu Daroca, I."]
[Result "1-0"]
[WhiteElo "2071"]
[BlackElo "1961"]
[PlyCount "65"]
[EventDate "2014.??.??"]
[EventType "swiss"]
[EventRounds "9"]
[EventCountry "ESP"]

1. e4 c5 2. Bc4 e6 3. Nc3 Nc6 4. Nf3 Nf6 5. a3 d5 6. exd5 exd5 7. Bb5 Bg4 8.
O-O Be7 9. h3 Bh5 10. g4 Nxg4 11. hxg4 Bxg4 12. Be2 h5 13. Nh2 Qd6 14. f4 Bh3
15. Kh1 Nd4 16. Nb5 Qg6 17. Rg1 Qe4+ 18. Bf3 Nxf3 19. Qxf3 Kd7 20. Nc3 Qxf3+
21. Nxf3 d4 22. Ne5+ Ke6 23. Ne2 g6 24. d3 Bh4 25. Kh2 Bf5 26. Nf3 Be7 27. Ng3
Bg4 28. Ng5+ Kf6 29. Bd2 Kg7 30. Rae1 Rae8 31. Nh1 Bd6 32. Nf2 f6 33. Nge4 1-0